| 000 | 01407nam a22004457a 4500 | ||
|---|---|---|---|
| 003 | OSt | ||
| 005 | 20230519130716.0 | ||
| 008 | 221006b |||||||| |||| 00| 0 eng d | ||
| 040 | _cBiblioteca Lado V | ||
| 082 |
_a700 _bA786l |
||
| 110 |
_9830 _aARTEDER _eEditor |
||
| 245 |
_aLAPIZ/ _bRevista Mensual de Arte/ |
||
| 260 |
_bFeria internacional de Bilbao _c1983 _aEspaña |
||
| 300 |
_c22x29cm _a74p. |
||
| 366 | _espa | ||
| 490 |
_a7 _v1 |
||
| 505 | _aTema-Debate | ||
| 505 | _aCrónica de exposiciones | ||
| 505 | _aCrónica de New York | ||
| 505 | _aTema Central | ||
| 505 | _aEntrevista Eusebio Sempere | ||
| 505 | _aJuan-Eduardo Cirlot | ||
| 505 | _aCarlos Mensa | ||
| 505 | _aReportaje, el "crucifijo" | ||
| 505 | _aFotografia | ||
| 505 | _aArqueologia | ||
| 505 | _aSubastas | ||
| 505 | _aNoticia | ||
| 505 | _aArquitectura | ||
| 505 | _aLibros | ||
| 650 |
_2Tesauro de Arte & Arquitectura _aARTE _9703 |
||
| 650 |
_2Tesauro de Arte & Arquitectura _aARQUITECTURA |
||
| 650 |
_2Tesauro de Arte & Arquitectura _aFOTOGRAFIA _9702 |
||
| 650 |
_2Tesauro de Arte & Arquitectura _aENTREVISTAS |
||
| 650 |
_2Tesauro de Arte & Arquitectura _aREPORTAJES |
||
| 650 |
_2Tesauro de Arte & Arquitectura _aLIBROS |
||
| 650 |
_2Tesauro de Arte & Arquitectura _aNOTICIAS |
||
| 651 |
_2Tesauro de Arte & Arquitectura _aSUBASTAS |
||
| 942 |
_2ddc _c1 _h700 _iA786l _n0 |
||
| 999 |
_c3658 _d3658 |
||